Commscope admin self services / (Record no. 217681)
[ view plain ]
| 000 -LEADER | |
|---|---|
| fixed length control field | 00452nam a2200169Ia 4500 |
| 003 - CONTROL NUMBER IDENTIFIER | |
| control field | OSt |
| 005 - DATE AND TIME OF LATEST TRANSACTION | |
| control field | 20260317111802.0 |
| 008 - FIXED-LENGTH DATA ELEMENTS--GENERAL INFORMATION | |
| fixed length control field | 211028s2017 xx 000 0 und d |
| 040 ## - CATALOGING SOURCE | |
| Transcribing agency | AIMIT LIBRARY |
| 041 ## - LANGUAGE CODE | |
| Language code of text/sound track or separate title | eng |
| 100 ## - MAIN ENTRY--PERSONAL NAME | |
| Personal name | Conceicao, Cheryl Anne; R Manimozhi. |
| Miscellaneous information | 141709 |
| 9 (RLIN) | 4768 |
| 110 ## - MAIN ENTRY--CORPORATE NAME | |
| Corporate name or jurisdiction name as entry element | Roshan Suvaris |
| 9 (RLIN) | 4769 |
| 245 ## - TITLE STATEMENT | |
| Title | Commscope admin self services / |
| 260 ## - PUBLICATION, DISTRIBUTION, ETC. | |
| Place of publication, distribution, etc. | Goa |
| Date of publication, distribution, etc. | 2017 |
| 710 ## - ADDED ENTRY--CORPORATE NAME | |
| Corporate name or jurisdiction name as entry element | Biblios Somyaji House |
| 9 (RLIN) | 4770 |
| 942 ## - ADDED ENTRY ELEMENTS (KOHA) | |
| Source of classification or shelving scheme | Dewey Decimal Classification |
| Koha item type | Project Report |
| Withdrawn status | Lost status | Source of classification or shelving scheme | Damaged status | Not for loan | Collection code | Home library | Current library | Date acquired | Source of acquisition | Total Checkouts | Barcode | Date last seen | Copy number | Price effective from | Koha item type |
|---|---|---|---|---|---|---|---|---|---|---|---|---|---|---|---|
| Dewey Decimal Classification | Not for loan | Project Report MCA | St Aloysius Institute of Management & Information Technology | St Aloysius Institute of Management & Information Technology | 10/28/2021 | MCA | PRC00904 | 10/28/2021 | 141709 | 10/28/2021 | Project Report |